| 000 | 00335nam a2200133Ia 4500 | ||
|---|---|---|---|
| 008 | 150201s2008 xx 000 0 und d | ||
| 082 |
_a611.013 _bE08S |
||
| 100 | _aSANT ,SUDHIO | ||
| 245 | _aEMBRYOLOGY FOR MEDICAL STUDENTS | ||
| 250 | _a2ND | ||
| 260 |
_bJAYPEE BROTHERS _aDELHI _c2008 |
||
| 650 | _aHUMAN ANATOMY | ||
| 942 |
_2ddc _cBK _01 |
||
| 999 |
_c1020 _d1020 |
||